000
00304nam a22001337a 4500
008
220131b ||||| |||| 00| 0 eng d
041
_a
eng
080
_a
941
082
_2
Firs't edition
_a
941
100
_a
25.2
101
_a
SHKI
245
_a
Historia e Skenderbeut
_c
Marin Barleti
942
_2
udc
_c
BK
999
_c
58316
_d
58316